000
00258nam a2200097Ia 4500
001
720890
005
20250826163241.0
008
250824s9999 xx 000 0 und d
245
0
_a
KÖR KALBE AŞK DOKUNMAZ
_c
AYŞE ÜNÜVAR
260
_b
KARATAY AKADEMİ YAYINLARI
999
_c
720890
_d
720890